| 000 -ლიდერი |
| ფიქსირებული სიგრძის საკონტროლო ველი |
01935nam a22002657a 4500 |
| 003 - საკონტროლო ნომრის იდენტიფიკატორი |
| საკონტროლო ველი |
Ge_BSU |
| 005 - ბოლო ოპერაციის თარიღი და დრო |
| საკონტროლო ველი |
20220325105534.0 |
| 008 - ფიქსირებული სიგრძის მონაცემთა ელემენტები - ზოგადი ინფორმაცია |
| ფიქსირებული სიგრძის საკონტროლო ველი |
220325s2018 ge ||||| |||| 00| 0 geo d |
| 020 ## - წიგნის საერთაშორისო სტანდარტული ნომერი |
| International Standard Book Number |
1987-9288 |
| 041 ## - ენის კოდი |
| Language code of text/sound track or separate title |
geo |
| 080 ## - უნივერსალური ათობითი კლასიფიკაციის ინდექსი |
| Universal Decimal Classification number |
001(479.22)(058) წ-35 |
| 245 ## - ცნობა სათაურის შესახებ |
| Title |
წელიწდეული : X : |
| Remainder of title |
ეძღვნება ქართველ საზოგადო მოღვაწეს, ქუთაისის საჯარო ბიბლიოთეკის დამაარსებელს - ანტონ ლორთქიფანიძეს / |
| Statement of responsibility, etc |
ქუთაისის ილია ჭავჭავაძის სახელობის საჯარო ბიბლიოთეკა ; სარედ. საბჭო იოსებ ასათიანი, ნომადი ბართაია ; პროექტის დირექტ. გრიგოლ ქობალიანი. |
| 264 ## - წარმოების, გამოცემის, დისტრიბუციის და სხვა ცნობები |
| გამოცემის, წარმოების, დისტრიბუციის... ადგილი |
ქუთაისი, |
| გამოცემის, წარმოების, დისტრიბუციის... თარიღი |
2018. |
| 300 ## - ფიზიკური აღწერა |
| Extent |
254 გვ. |
| Other physical details |
24 სმ. |
| 500 ## - ზოგადი შენიშვნა |
| General note |
პარალ. სათ. ინგლ. |
| 504 ## - BIBLIOGRAPHY, ETC. NOTE |
| Bibliography, etc |
ბიბლიოგრ. თავების ბოლოს |
| 653 ## - INDEX TERM--UNCONTROLLED |
| Uncontrolled term |
ანტონ ლორთქიფანიძის მოღვაწეობა |
| 653 ## - INDEX TERM--UNCONTROLLED |
| Uncontrolled term |
წელიწდეული |
| 700 ## - ADDED ENTRY--PERSONAL NAME |
| Personal name |
ასათიანი, იოსებ |
| Relator term |
რედაქტორი |
| 9 (RLIN) |
80 |
| 700 ## - ADDED ENTRY--PERSONAL NAME |
| Personal name |
ბაგრატაია, ნომადი |
| Relator term |
რედაქტორი |
| 9 (RLIN) |
81 |
| 700 ## - ADDED ENTRY--PERSONAL NAME |
| Personal name |
ქობალიანი, გრიგოლ |
| Relator term |
პროექტის დირექტორი |
| 9 (RLIN) |
13620 |
| 710 ## - ADDED ENTRY--CORPORATE NAME |
| Corporate name or jurisdiction name as entry element |
ქუთაისის ილია ჭავჭავაძის სახელობის საჯარო ბიბლიოთეკა |
| 9 (RLIN) |
13621 |
| 856 ## - ELECTRONIC LOCATION AND ACCESS |
| Uniform Resource Identifier |
https://dspace.nplg.gov.ge/bitstream/1234/317874/1/Celicdeuli_10.pdf |
| Link text |
ელ. ვერსია. pdf |
| 942 ## - ADDED ENTRY ELEMENTS (KOHA) |
| Source of classification or shelving scheme |
|
| Koha item type |
წიგნი |